|
|
|
|
| LEADER |
00000cas a2200000 a 4500 |
| 001 |
69313 |
| 003 |
Ucuenca |
| 005 |
20230308222152.0 |
| 008 |
001112|2000 ve |||||r|||||||||||spa|| |
| 040 |
|
|
|b spa
|
| 041 |
0 |
|
|a spa
|
| 082 |
0 |
|
|a 805
|b U48p
|
| 110 |
2 |
|
|a Universidad de Carabobo.
|g UC
|9 9254
|
| 245 |
|
|
|a Poesía
|c Universidad de Carabobo
|h imp
|
| 264 |
|
|
|a Carabobo
|b Universidad de Carabobo
|c Mayo junio del 2000
|
| 300 |
|
|
|a 86 páginas:
|c 21, 5 cm
|
| 362 |
|
|
|a no. 129 vol. XXII (mayo junio de 2000)
|
| 650 |
1 |
|
|a Poesia portuguesa
|9 5034
|
| 650 |
|
|
|a Revista poesia
|9 175946
|
| 852 |
|
|
|a UC-CDJBV
|f Donación
|l 1
|m General
|p 20011121
|q 25000.00
|r 2
|t 69313
|b 0
|d CDRC
|e CDRC
|g 805 U48p TERCER PISO (SECCION REVISTAS)
|z 2001-11-12
|
| 942 |
|
|
|c SER
|
| 999 |
|
|
|c 139880
|d 139880
|